Phare Address Book March 1996

Enregistré dans:
Détails bibliographiques
Format: Livre
Langue:anglais
Publié: Brussels European Commission 1996
Édition:1. ed.
Sujets:
Tags: Ajouter un tag
Pas de tags, Soyez le premier à ajouter un tag!

MARC

LEADER 00000nam a2200000 4500
001 c014170
005 20221221083154.3
041 0 |a eng 
044 |a BE 
245 1 0 |a Phare Address Book  |b March 1996 
250 |a 1. ed. 
264 1 |a Brussels  |b European Commission  |c 1996 
300 |a 72 s. 
610 2 0 |a Európska únia 
610 2 0 |a pomoc rozvojová 
610 2 0 |a organizácie ekonomické medzinárodné 
610 2 0 |a programy rozvojové 
610 2 0 |a Phare